Statistics for Persian Gulf Countries with an Empty Map

Click here to take the quiz!

General Stats

  • This quiz has been taken 9,422 times
  • The average score is 8 of 8

Answers on the Map

Answers color-coded by a green-red scale on the quiz's map according to % correct below.
 

Answer Stats

Answer% Correct
Iran
99%
Iraq
99%
Saudi Arabia
99%
Qatar
98%
Kuwait
97%
United Arab Emirates
97%
Oman
95%
Bahrain
94%

Score Distribution

Percentile by Number Answered

Percent of People with Each Score

Your Score History

You have not taken this quiz